Metodologické prístupy k skúmaniu kreatívnej ekonomiky
Metódy kvalitatívneho a kvantitatívneho výskumu, ich kombinácia, prístupy pri riešení ako aj výhody a nevýhody oboch metód pri skúmaní kreatívnej ekonomiky.
Guardado en:
| Autor principal: | |
|---|---|
| Formato: | Capítulo de libro |
| Lenguaje: | eslovaco |
| Materias: | |
| Etiquetas: |
Sin Etiquetas, Sea el primero en etiquetar este registro!
|
MARC
| LEADER | 00000naa$a2200000$$$4500 | ||
|---|---|---|---|
| 001 | 0211368 | ||
| 005 | 20240502073526.2 | ||
| 041 | 0 | |a slo | |
| 044 | |a SK | ||
| 245 | 1 | 0 | |a Metodologické prístupy k skúmaniu kreatívnej ekonomiky |c Eva Belvončíková |
| 520 | |a Metódy kvalitatívneho a kvantitatívneho výskumu, ich kombinácia, prístupy pri riešení ako aj výhody a nevýhody oboch metód pri skúmaní kreatívnej ekonomiky. | ||
| 610 | 2 | 0 | |a výskum kvalitatívny |
| 610 | 2 | 0 | |a výskum kvantitatívny |
| 610 | 2 | 0 | |a metódy výskumu |
| 610 | 2 | 0 | |a metodológia |
| 610 | 2 | 0 | |a kreativita |
| 610 | 2 | 0 | |a ekonomika kreatívna |
| 610 | 2 | 0 | |a terminológia |
| 100 | 1 | |a Belvončíková, Eva, 1975- | |